All Monsters in My Singing Monsters by Island - Statistics

General Stats
  • This quiz has been taken 629 times
    6 since last reset
  • The average score is 106 of 255
Answer Stats
Monster % Correct
Mammott
100%
Buzzinga
75%
Cybop
75%
Dragong
75%
Fleechwurm
75%
Ghazt
75%
Knucklehead
75%
Potbelly
75%
Toe Jammer
75%
T-Rox
75%
Tweedle
75%
Wubbox
75%
Anglow
50%
Arackulele
50%
Attmoz
50%
Auglur
50%
Barrb
50%
bbli$zard
50%
Bellowfish
50%
BeMeebEth
50%
Bisonorus
50%
Blabbit
50%
Blarret
50%
Bona-Petite
50%
Bonkers
50%
Boodoo
50%
Boo'qwurm
50%
Bowgart
50%
Bowhead
50%
Candelavra
50%
Cataliszt
50%
Charrkoll
50%
Clackula
50%
Clamble
50%
Clavavera
50%
Congle
50%
Dandidoo
50%
Deedge
50%
Denchuhs
50%
Dermit
50%
DJ Epic
50%
Do
50%
Drumpler
50%
Edamimi
50%
Enchantling
50%
Entbrat
50%
Epic Phangler
50%
Epic Wubbox (Air)
50%
Epic Wubbox (Cold)
50%
Epic Wubbox (Earth)
50%
Epic Wubbox (Ethereal)
50%
Epic Wubbox (Gold)
50%
Epic Wubbox (Haven)
50%
Epic Wubbox (Oasis)
50%
Epic Wubbox (Plant)
50%
Epic Wubbox (Water)
50%
Fa
50%
Fandhul
50%
Fiddlement
50%
Flasque
50%
Floogull
50%
Flowah
50%
Flum Ox
50%
Fluoress
50%
Fung Pray
50%
Furcorn
50%
Fwog
50%
Gaddzooks
50%
G'joob
50%
Gloptic
50%
Glowbe
50%
Glowl
50%
Gnarls
50%
Gob
50%
Gobbleygourd
50%
Grumpyre
50%
Hairionette
50%
Hawlo
50%
Hoola
50%
Humbug
50%
Hyehehe
50%
Jam Boree
50%
Jeeode
50%
Jellbilly
50%
Jerm
50%
Kayna
50%
Kazilleon
50%
La
50%
Maggpi
50%
Maw
50%
Meebkin
50%
Mi
50%
Monculus
50%
Nebulob
50%
Noggin
50%
Oaktopus
50%
Oogiddy
50%
Owlesque
50%
Pango
50%
Parlsona
50%
Pentumbra
50%
Periscorp
50%
Phangler
50%
Plinkajou
50%
Poewk
50%
PomPom
50%
PongPing
50%
Poppette
50%
Pummel
50%
Punkleton
50%
Quarrister
50%
Quibble
50%
Rare Shellbeat
50%
Rare Wubbox
50%
Re
50%
Reebro
50%
Reedling
50%
Repatillo
50%
Riff
50%
Rooba
50%
Rootitoot
50%
Scups
50%
Shellbeat
50%
Shhimmer
50%
Shrubb
50%
Shugabass
50%
Shugabush
50%
Shugavox
50%
Shugitar
50%
Sol
50%
Sooza
50%
Sox
50%
Spunge
50%
Stogg
50%
Stoowarb
50%
Tapricorn
50%
Tawkerr
50%
Theremind
50%
Thrumble
50%
Thumpies
50%
Ti
50%
TooToo
50%
T-Pirainha
50%
Tring
50%
Tuskski
50%
Vhenshun
50%
Viveine
50%
Whaill
50%
Whisp
50%
Woolabee
50%
Wynq
50%
Yawstrich
50%
Yool
50%
Yooreek
50%
Yuggler
50%
Ziggurab
50%
Zynth
50%
Arcorina
25%
Astropod
25%
Banjaw
25%
Blasoom
25%
Bleatnik
25%
Blipsqueak
25%
Blow't
25%
Bogle
25%
Boskus
25%
Bridg-it
25%
Brump
25%
Bulbo
25%
Cahoot
25%
Cantorell
25%
Carillong
25%
Cherubble
25%
Clavi Gnat
25%
Cranchee
25%
Creepuscule
25%
Cruv'laaphtian Crocus
25%
Dakktyl
25%
Déjà-Jin
25%
Faesoddoid Fungus
25%
Drummidary
25%
Dwumrohl
25%
eRmA gUrDy
25%
Ffidyll
25%
Floot Fly
25%
Frigil
25%
Frondley
25%
Furnoss
25%
Galvana
25%
Galymph
25%
G'day
25%
Gheegur
25%
Glaishur
25%
Grennitch
25%
HippityHop
25%
Hornacle
25%
Hyddryd
25%
Illoost
25%
Incisaur
25%
Knurv
25%
Krillby
25%
Larvaluss
25%
Loodvigg
25%
Lowb
25%
Maulch
25%
Mimic
25%
Mushaboom
25%
Nitebear
25%
Osstax
25%
Peckidna
25%
Phosphoran Phlox
25%
Pinghound
25%
Piplash
25%
Pixolotl
25%
Pladdie
25%
Plixie
25%
Pluckbill
25%
Rhysmuth
25%
Roarick
25%
Scallyrags
25%
Scaratar
25%
Scargo
25%
Schmoochle
25%
Screemu
25%
shLep
25%
Shugabeats
25%
Shugabuzz
25%
Shugajo
25%
Shugarock
25%
Sneyser
25%
Sollum
25%
Sporerow
25%
Spurrit
25%
Spytrap
25%
Squot
25%
Strombonin
25%
Syncopite
25%
Teeter-Tauter
25%
Thwok
25%
Tiawa
25%
Torrt
25%
Tympa
25%
Uuduk
25%
Vhamp
25%
Whaddle
25%
Whajje
25%
Wheezel
25%
Whiz-bang
25%
Wimmzies
25%
Withur
25%
X'rt
25%
Xyster
25%
Yelmut
25%
Zeffree
25%
Zuuker
25%
No matching quizzes found
Score Distribution
Percent of People with Each Score
Percentile by Number Answered
Your Score History
You have not taken this quiz since the last reset